000
00238nam a22001097a 4500
082
_a
629.28 MIL'C
100
_a
MILL, JOHN
_9
78174
245
_a
CAR REPAIR AND MAINTENANCE
260
_a
LONDON
_b
ARCO
_c
1961
300
_a
160P
942
_c
BK
999
_c
583336
_d
583336